[Event "DVM U12 2024"]
[Site "Heidelberg GER"]
[Date "2024.12.28"]
[Round "4"]
[White "Leonhardt, Max"]
[Black "Lange, Fynn Jeremy"]
[Result "0-1"]
[Termination "normal"]
[Board "2.2"]
[WhiteElo "1735"]
[BlackElo "1878"]
[WhiteClock "00:34:01"]
[BlackClock "00:09:21"]
[WhiteTeam "Barnimer SF im SV Stahl Finow"]
[BlackTeam "TV Tegernsee"]
[PlyCount "80"]
[WhiteFideId "34623647"]
[BlackFideId "34616365"]
[EventCountry "GER"]
[EventRounds "7"]
[EventType "team-swiss"]
[EventDate "2024.12.26"]

1. Nf3 {[%clk 01:30:59]} {[%emt 00:00:01]} d5 {[%clk 01:30:42]} {[%emt
00:00:17]} 2. g3 {[%clk 01:31:25]} {[%emt 00:00:05]} Nf6 {[%clk 01:30:45]}
{[%emt 00:00:26]} 3. Bg2 {[%clk 01:31:49]} {[%emt 00:00:06]} e6 {[%clk
01:30:30]} {[%emt 00:00:46]} 4. O-O {[%clk 01:32:10]} {[%emt 00:00:09]} Be7
{[%clk 01:30:11]} {[%emt 00:00:48]} 5. d4 {[%clk 01:32:33]} {[%emt 00:00:08]}
O-O {[%clk 01:29:53]} {[%emt 00:00:48]} 6. c4 {[%clk 01:32:56]} {[%emt
00:00:07]} dxc4 {[%clk 01:28:26]} {[%emt 00:01:58]} 7. Nc3 {[%clk 01:32:21]}
{[%emt 00:01:04]} c5 {[%clk 01:27:28]} {[%emt 00:01:28]} 8. dxc5 {[%clk
01:31:38]} {[%emt 00:01:13]} Bxc5 {[%clk 01:26:19]} {[%emt 00:01:40]} 9. Qa4
{[%clk 01:31:04]} {[%emt 00:01:04]} Nc6 {[%clk 01:24:48]} {[%emt 00:02:01]} 10.
Qxc4 {[%clk 01:30:46]} {[%emt 00:00:47]} Bb6 {[%clk 01:23:44]} {[%emt
00:01:34]} 11. Rd1 {[%clk 01:28:37]} {[%emt 00:02:38]} Qe7 {[%clk 01:22:37]}
{[%emt 00:01:37]} 12. e3 {[%clk 01:21:56]} {[%emt 00:07:11]} e5 {[%clk
01:21:40]} {[%emt 00:01:28]} 13. b3 {[%clk 01:20:38]} {[%emt 00:01:47]} Be6
{[%clk 01:19:48]} {[%emt 00:02:22]} 14. Qe2 {[%clk 01:20:26]} {[%emt 00:00:42]}
h6 {[%clk 01:16:52]} {[%emt 00:03:27]} 15. Bb2 {[%clk 01:18:21]} {[%emt
00:02:35]} a6 {[%clk 01:10:38]} {[%emt 00:06:44]} 16. Rac1 {[%clk 01:17:18]}
{[%emt 00:01:33]} Bg4 {[%clk 01:07:15]} {[%emt 00:03:53]} 17. h3 {[%clk
01:14:51]} {[%emt 00:02:57]} Bh5 {[%clk 01:07:22]} {[%emt 00:00:23]} 18. g4
{[%clk 01:13:34]} {[%emt 00:01:46]} Bg6 {[%clk 01:05:48]} {[%emt 00:02:04]} 19.
Nd2 {[%clk 01:09:15]} {[%emt 00:04:48]} Rfd8 {[%clk 00:54:40]} {[%emt
00:11:39]} 20. Nc4 {[%clk 01:08:26]} {[%emt 00:01:19]} Bc7 {[%clk 00:53:27]}
{[%emt 00:01:44]} 21. a3 {[%clk 01:04:21]} {[%emt 00:04:34]} e4 {[%clk
00:50:46]} {[%emt 00:03:12]} 22. Qc2 {[%clk 01:02:33]} {[%emt 00:02:17]} Re8
{[%clk 00:46:07]} {[%emt 00:05:10]} 23. Nd5 {[%clk 00:54:34]} {[%emt 00:08:29]}
Nxd5 {[%clk 00:44:11]} {[%emt 00:02:26]} 24. Rxd5 {[%clk 00:52:08]} {[%emt
00:02:56]} Rad8 {[%clk 00:43:01]} {[%emt 00:01:40]} 25. Rcd1 {[%clk 00:51:46]}
{[%emt 00:00:51]} Rxd5 {[%clk 00:37:38]} {[%emt 00:05:54]} 26. Rxd5 {[%clk
00:52:07]} {[%emt 00:00:08]} Qe6 {[%clk 00:37:48]} {[%emt 00:00:21]} 27. Rd2
{[%clk 00:51:00]} {[%emt 00:01:37]} b5 {[%clk 00:36:03]} {[%emt 00:02:16]} 28.
Qc3 {[%clk 00:39:43]} {[%emt 00:11:46]} f6 {[%clk 00:34:41]} {[%emt 00:01:52]}
29. Bf1 {[%clk 00:39:36]} {[%emt 00:00:37]} Kh7 {[%clk 00:34:02]} {[%emt
00:01:09]} 30. Rc2 {[%clk 00:39:13]} {[%emt 00:00:53]} bxc4 {[%clk 00:26:24]}
{[%emt 00:08:08]} 31. Bxc4 {[%clk 00:38:32]} {[%emt 00:01:11]} Qe5 {[%clk
00:18:30]} {[%emt 00:08:25]} 32. Bxa6 {[%clk 00:35:34]} {[%emt 00:03:28]} Qh2+
{[%clk 00:16:59]} {[%emt 00:02:00]} 33. Kf1 {[%clk 00:35:59]} {[%emt 00:00:06]}
Qh1+ {[%clk 00:15:19]} {[%emt 00:02:10]} 34. Ke2 {[%clk 00:36:19]} {[%emt
00:00:10]} Rd8 {[%clk 00:15:28]} {[%emt 00:00:21]} 35. Rc1 {[%clk 00:35:32]}
{[%emt 00:01:16]} Qf3+ {[%clk 00:15:43]} {[%emt 00:00:16]} 36. Ke1 {[%clk
00:35:53]} {[%emt 00:00:08]} Be5 {[%clk 00:15:30]} {[%emt 00:00:43]} 37. Qxc6
{[%clk 00:34:34]} {[%emt 00:01:50]} Bxb2 {[%clk 00:15:43]} {[%emt 00:00:16]}
38. Qc7 {[%clk 00:34:57]} {[%emt 00:00:07]} Rd5 {[%clk 00:08:43]} {[%emt
00:07:31]} 39. Bc4 {[%clk 00:34:27]} {[%emt 00:01:00]} Bc3+ {[%clk 00:09:01]}
{[%emt 00:00:12]} 40. Rxc3 {[%clk 00:34:01]} {[%emt 00:00:56]} Qd1# {[%clk
00:09:21]} {[%emt 00:00:09]} 0-1

[Event "DVM U12 2024"]
[Site "Heidelberg GER"]
[Date "2024.12.28"]
[Round "4"]
[White "Gersemann, Karl"]
[Black "Sutharjan, Dakxwin"]
[Result "1-0"]
[Termination "normal"]
[Board "3.1"]
[WhiteElo "2012"]
[BlackElo "1917"]
[WhiteClock "01:18:33"]
[BlackClock "00:39:42"]
[WhiteTeam "TSG Oberschöneweide"]
[BlackTeam "SF Brackel 1930"]
[PlyCount "49"]
[WhiteFideId "34602186"]
[BlackFideId "34606548"]
[EventCountry "GER"]
[EventRounds "7"]
[EventType "team-swiss"]
[EventDate "2024.12.26"]

1. e4 {[%clk 01:30:59]} c6 {[%clk 01:30:55]} {[%emt 00:00:06]} 2. Nc3 {[%clk
01:31:24]} {[%emt 00:00:04]} d5 {[%clk 01:31:19]} {[%emt 00:00:07]} 3. Nf3
{[%clk 01:31:49]} {[%emt 00:00:04]} Nf6 {[%clk 01:31:33]} {[%emt 00:00:16]} 4.
e5 {[%clk 01:32:02]} {[%emt 00:00:17]} Ne4 {[%clk 01:31:52]} {[%emt 00:00:12]}
5. Ne2 {[%clk 01:32:24]} {[%emt 00:00:06]} Qb6 {[%clk 01:30:12]} {[%emt
00:02:12]} 6. d4 {[%clk 01:32:44]} {[%emt 00:00:09]} e6 {[%clk 01:26:01]}
{[%emt 00:04:42]} 7. Ng3 {[%clk 01:31:53]} {[%emt 00:01:18]} Nxg3 {[%clk
01:16:43]} {[%emt 00:09:49]} 8. fxg3 {[%clk 01:32:14]} {[%emt 00:00:09]} c5
{[%clk 01:16:48]} {[%emt 00:00:27]} 9. Bd3 {[%clk 01:32:36]} {[%emt 00:00:07]}
Nc6 {[%clk 01:14:10]} {[%emt 00:03:08]} 10. O-O {[%clk 01:31:25]} {[%emt
00:01:40]} h6 {[%clk 01:08:29]} {[%emt 00:06:12]} 11. a3 {[%clk 01:31:29]}
{[%emt 00:00:26]} Bd7 {[%clk 01:05:29]} {[%emt 00:03:31]} 12. g4 {[%clk
01:30:33]} {[%emt 00:01:25]} O-O-O {[%clk 01:05:02]} {[%emt 00:00:56]} 13. Kh1
{[%clk 01:30:12]} {[%emt 00:00:51]} Be7 {[%clk 00:59:56]} {[%emt 00:05:37]} 14.
dxc5 {[%clk 01:26:25]} {[%emt 00:04:17]} Bxc5 {[%clk 01:00:07]} {[%emt
00:00:20]} 15. c3 {[%clk 01:25:37]} {[%emt 00:01:18]} g6 {[%clk 00:53:39]}
{[%emt 00:06:58]} 16. b4 {[%clk 01:25:54]} {[%emt 00:00:13]} Be3 {[%clk
00:53:28]} {[%emt 00:00:40]} 17. Qe2 {[%clk 01:24:47]} {[%emt 00:01:37]} Bxc1
{[%clk 00:52:20]} {[%emt 00:01:39]} 18. Raxc1 {[%clk 01:23:20]} {[%emt
00:01:56]} Kb8 {[%clk 00:50:19]} {[%emt 00:02:31]} 19. a4 {[%clk 01:22:48]}
{[%emt 00:01:02]} a5 {[%clk 00:48:57]} {[%emt 00:01:52]} 20. b5 {[%clk
01:21:01]} {[%emt 00:02:17]} Ne7 {[%clk 00:48:11]} {[%emt 00:01:17]} 21. Nd4
{[%clk 01:20:02]} {[%emt 00:01:27]} Rhf8 {[%clk 00:44:51]} {[%emt 00:03:50]}
22. Qe3 {[%clk 01:17:49]} {[%emt 00:02:43]} g5 {[%clk 00:41:44]} {[%emt
00:03:37]} 23. Nc6+ {[%clk 01:18:12]} {[%emt 00:00:08]} Nxc6 {[%clk 00:39:25]}
{[%emt 00:02:49]} 24. Qxb6 {[%clk 01:18:33]} {[%emt 00:00:09]} Nxe5 {[%clk
00:39:42]} {[%emt 00:00:13]} 25. Qd6+ {[%emt 00:01:15]} 1-0

[Event "DVM U12 2024"]
[Site "Heidelberg GER"]
[Date "2024.12.28"]
[Round "4"]
[White "Kühn, David"]
[Black "Liu, Kairui"]
[Result "0-1"]
[Termination "normal"]
[Board "8.3"]
[WhiteElo "1003"]
[BlackElo "1559"]
[WhiteClock "01:21:30"]
[BlackClock "01:13:16"]
[WhiteTeam "SC Leipzig-Lindenau"]
[BlackTeam "Karlsruher SF 1853"]
[PlyCount "108"]
[BlackFideId "34660534"]
[EventCountry "GER"]
[EventRounds "7"]
[EventType "team-swiss"]
[EventDate "2024.12.26"]

1. e4 {[%clk 01:30:59]} e5 {[%clk 01:30:59]} {[%emt 00:00:01]} 2. Nf3 {[%clk
01:31:21]} {[%emt 00:00:08]} Nc6 {[%clk 01:31:25]} {[%emt 00:00:04]} 3. Bb5
{[%clk 01:31:47]} {[%emt 00:00:05]} a6 {[%clk 01:31:50]} {[%emt 00:00:05]} 4.
Ba4 {[%clk 01:32:05]} {[%emt 00:00:11]} Nf6 {[%clk 01:32:12]} {[%emt 00:00:07]}
5. d3 {[%clk 01:32:27]} {[%emt 00:00:09]} Be7 {[%clk 01:32:34]} {[%emt
00:00:08]} 6. h3 {[%clk 01:32:25]} {[%emt 00:00:31]} O-O {[%clk 01:32:56]}
{[%emt 00:00:09]} 7. c3 {[%clk 01:32:44]} {[%emt 00:00:11]} b5 {[%clk
01:33:08]} {[%emt 00:00:18]} 8. Bb3 {[%clk 01:33:05]} {[%emt 00:00:08]} d5
{[%clk 01:32:02]} {[%emt 00:01:36]} 9. Nbd2 {[%clk 01:33:19]} {[%emt 00:00:16]}
Bb7 {[%clk 01:31:30]} {[%emt 00:01:03]} 10. a3 {[%clk 01:32:57]} {[%emt
00:00:53]} Qd7 {[%clk 01:30:20]} {[%emt 00:01:39]} 11. O-O {[%clk 01:32:08]}
{[%emt 00:01:18]} Rfe8 {[%clk 01:30:09]} {[%emt 00:00:41]} 12. Ba2 {[%clk
01:31:29]} {[%emt 00:01:10]} Rad8 {[%clk 01:29:54]} {[%emt 00:00:43]} 13. c4
{[%clk 01:31:28]} {[%emt 00:00:33]} dxc4 {[%clk 01:29:54]} {[%emt 00:00:30]}
14. dxc4 {[%clk 01:31:38]} {[%emt 00:00:19]} bxc4 {[%clk 01:29:55]} {[%emt
00:00:30]} 15. Bxc4 {[%clk 01:31:51]} {[%emt 00:00:17]} Nxe4 {[%clk 01:29:57]}
{[%emt 00:00:27]} 16. Qe2 {[%clk 01:31:22]} {[%emt 00:00:58]} Nxd2 {[%clk
01:29:28]} {[%emt 00:01:00]} 17. Nxd2 {[%clk 01:31:36]} {[%emt 00:00:17]} Bd6
{[%clk 01:27:28]} {[%emt 00:02:30]} 18. Ne4 {[%clk 01:30:59]} {[%emt 00:01:06]}
Nd4 {[%clk 01:27:05]} {[%emt 00:00:52]} 19. Qd3 {[%clk 01:29:48]} {[%emt
00:01:42]} Qc6 {[%clk 01:26:03]} {[%emt 00:01:32]} 20. f3 {[%clk 01:27:56]}
{[%emt 00:02:22]} Ne6 {[%clk 01:23:37]} {[%emt 00:02:56]} 21. Be3 {[%clk
01:27:40]} {[%emt 00:00:46]} Bc5 {[%clk 01:21:21]} {[%emt 00:02:46]} 22. Qc3
{[%clk 01:26:55]} {[%emt 00:01:09]} Bxe3+ {[%clk 01:21:32]} {[%emt 00:00:24]}
23. Kh1 {[%clk 01:26:08]} {[%emt 00:01:01]} Bd4 {[%clk 01:20:57]} {[%emt
00:01:21]} 24. Qc2 {[%clk 01:26:07]} {[%emt 00:00:30]} Qb6 {[%clk 01:19:04]}
{[%emt 00:02:25]} 25. Rab1 {[%clk 01:26:07]} {[%emt 00:00:26]} Bd5 {[%clk
01:17:41]} {[%emt 00:01:56]} 26. Bxd5 {[%clk 01:25:26]} {[%emt 00:01:13]} Rxd5
{[%clk 01:18:02]} {[%emt 00:00:08]} 27. Rfd1 {[%clk 01:24:16]} {[%emt
00:01:39]} Rdd8 {[%clk 01:16:52]} {[%emt 00:01:40]} 28. Rd2 {[%clk 01:20:21]}
{[%emt 00:04:27]} Be3 {[%clk 01:15:57]} {[%emt 00:01:25]} 29. Rd3 {[%clk
01:20:10]} {[%emt 00:00:41]} Rxd3 {[%clk 01:15:38]} {[%emt 00:00:49]} 30. Qxd3
{[%clk 01:20:25]} {[%emt 00:00:15]} Rd8 {[%clk 01:15:23]} {[%emt 00:00:44]} 31.
Qc2 {[%clk 01:20:10]} {[%emt 00:00:45]} h6 {[%clk 01:13:24]} {[%emt 00:02:29]}
32. Rd1 {[%clk 01:20:09]} {[%emt 00:00:30]} Rxd1+ {[%clk 01:13:14]} {[%emt
00:00:41]} 33. Qxd1 {[%clk 01:20:23]} {[%emt 00:00:16]} Qd4 {[%clk 01:13:02]}
{[%emt 00:00:40]} 34. Qc2 {[%clk 01:20:04]} {[%emt 00:00:51]} Nc5 {[%clk
01:12:16]} {[%emt 00:01:17]} 35. Nc3 {[%clk 01:19:36]} {[%emt 00:00:57]} Qd3
{[%clk 01:11:51]} {[%emt 00:00:52]} 36. Qxd3 {[%clk 01:19:14]} {[%emt
00:00:55]} Nxd3 {[%clk 01:12:13]} {[%emt 00:00:08]} 37. Nd5 {[%clk 01:19:40]}
{[%emt 00:00:04]} Bb6 {[%clk 01:12:30]} {[%emt 00:00:13]} 38. b4 {[%clk
01:19:41]} {[%emt 00:00:29]} Kf8 {[%clk 01:12:13]} {[%emt 00:00:47]} 39. a4
{[%clk 01:19:35]} {[%emt 00:00:36]} a5 {[%clk 01:12:10]} {[%emt 00:00:33]} 40.
bxa5 {[%clk 01:19:34]} {[%emt 00:00:30]} Bxa5 {[%clk 01:12:32]} {[%emt
00:00:09]} 41. g3 {[%clk 01:19:15]} {[%emt 00:00:49]} Nb2 {[%clk 01:12:46]}
{[%emt 00:00:17]} 42. f4 {[%clk 01:19:28]} {[%emt 00:00:17]} exf4 {[%clk
01:13:09]} {[%emt 00:00:07]} 43. gxf4 {[%clk 01:19:51]} {[%emt 00:00:07]} Nxa4
{[%clk 01:13:33]} {[%emt 00:00:06]} 44. Ne3 {[%clk 01:19:55]} {[%emt 00:00:26]}
c5 {[%clk 01:13:45]} {[%emt 00:00:13]} 45. Nc4 {[%clk 01:20:07]} {[%emt
00:00:25]} Bc3 {[%clk 01:13:50]} {[%emt 00:00:21]} 46. Kg2 {[%clk 01:20:28]}
{[%emt 00:00:12]} Nb2 {[%clk 01:14:06]} {[%emt 00:00:14]} 47. Na3 {[%clk
01:20:44]} {[%emt 00:00:15]} c4 {[%clk 01:14:21]} {[%emt 00:00:16]} 48. Nc2
{[%clk 01:21:00]} {[%emt 00:00:13]} Ke7 {[%clk 01:14:32]} {[%emt 00:00:19]} 49.
Kf2 {[%clk 01:21:20]} {[%emt 00:00:08]} Ke6 {[%clk 01:14:35]} {[%emt 00:00:29]}
50. Ke3 {[%clk 01:21:44]} {[%emt 00:00:06]} g5 {[%clk 01:14:11]} {[%emt
00:00:54]} 51. fxg5 {[%clk 01:22:04]} {[%emt 00:00:10]} hxg5 {[%clk 01:14:34]}
{[%emt 00:00:08]} 52. Ke4 {[%clk 01:22:29]} {[%emt 00:00:05]} Nd3 {[%clk
01:14:01]} {[%emt 00:01:02]} 53. Ne3 {[%clk 01:21:26]} {[%emt 00:01:32]} Nb2
{[%clk 01:13:27]} {[%emt 00:01:05]} 54. Nd5 {[%clk 01:21:30]} {[%emt 00:00:25]}
f5+ {[%clk 01:13:16]} {[%emt 00:00:42]} 0-1

[Event "DVM U12 2024"]
[Site "Heidelberg GER"]
[Date "2024.12.29"]
[Round "5"]
[White "Fadeev, Justin Michael"]
[Black "Tu, Audrey"]
[Result "1/2-1/2"]
[Termination "normal"]
[Board "4.1"]
[WhiteElo "1893"]
[BlackElo "1734"]
[WhiteClock "00:40:33"]
[BlackClock "00:37:12"]
[WhiteTeam "Barnimer SF im SV Stahl Finow"]
[BlackTeam "SF 59 Kornwestheim"]
[PlyCount "49"]
[WhiteFideId "34602968"]
[BlackFideId "34628568"]
[EventCountry "GER"]
[EventRounds "7"]
[EventType "team-swiss"]
[EventDate "2024.12.26"]

1. e4 {[%clk 01:30:57]} {[%emt 00:00:02]} e5 {[%clk 01:30:59]} {[%emt
00:00:02]} 2. Nf3 {[%clk 01:31:21]} {[%emt 00:00:06]} Nc6 {[%clk 01:31:21]}
{[%emt 00:00:08]} 3. d4 {[%clk 01:31:45]} {[%emt 00:00:06]} exd4 {[%clk
01:31:48]} {[%emt 00:00:04]} 4. Bc4 {[%clk 01:32:07]} {[%emt 00:00:07]} Bc5
{[%clk 01:32:14]} {[%emt 00:00:05]} 5. c3 {[%clk 01:32:27]} {[%emt 00:00:10]}
Nf6 {[%clk 01:32:38]} {[%emt 00:00:05]} 6. e5 {[%clk 01:32:01]} {[%emt
00:00:57]} d5 {[%clk 01:32:56]} {[%emt 00:00:13]} 7. Bb5 {[%clk 01:32:26]}
{[%emt 00:00:04]} Ne4 {[%clk 01:33:18]} {[%emt 00:00:08]} 8. cxd4 {[%clk
01:32:48]} {[%emt 00:00:08]} Bb6 {[%clk 01:33:44]} {[%emt 00:00:04]} 9. Be3
{[%clk 01:33:11]} {[%emt 00:00:07]} Bg4 {[%clk 01:30:41]} {[%emt 00:03:33]} 10.
h3 {[%clk 01:29:54]} {[%emt 00:03:47]} Bh5 {[%clk 01:30:17]} {[%emt 00:00:54]}
11. Nc3 {[%clk 01:29:34]} {[%emt 00:00:51]} O-O {[%clk 01:29:43]} {[%emt
00:01:03]} 12. Qc2 {[%clk 01:28:46]} {[%emt 00:01:18]} Nxc3 {[%clk 01:29:28]}
{[%emt 00:00:45]} 13. bxc3 {[%clk 01:28:51]} {[%emt 00:00:25]} f6 {[%clk
01:28:06]} {[%emt 00:01:53]} 14. Bxc6 {[%clk 01:24:49]} {[%emt 00:04:32]} bxc6
{[%clk 01:27:39]} {[%emt 00:00:56]} 15. exf6 {[%clk 01:24:29]} {[%emt
00:00:50]} Qxf6 {[%clk 01:24:06]} {[%emt 00:04:03]} 16. Ne5 {[%clk 01:24:42]}
{[%emt 00:00:17]} Be8 {[%clk 01:10:13]} {[%emt 00:14:23]} 17. O-O {[%clk
01:19:01]} {[%emt 00:06:10]} c5 {[%clk 01:04:42]} {[%emt 00:06:02]} 18. f4
{[%clk 01:15:09]} {[%emt 00:04:22]} c4 {[%clk 00:57:10]} {[%emt 00:08:02]} 19.
g4 {[%clk 01:03:27]} {[%emt 00:12:12]} c6 {[%clk 00:49:23]} {[%emt 00:08:18]}
20. Kg2 {[%clk 00:54:21]} {[%emt 00:09:35]} Bc7 {[%clk 00:46:36]} {[%emt
00:03:17]} 21. Rf2 {[%clk 00:49:40]} {[%emt 00:05:11]} Qe7 {[%clk 00:44:30]}
{[%emt 00:02:36]} 22. Re1 {[%clk 00:46:51]} {[%emt 00:03:18]} Bxe5 {[%clk
00:42:41]} {[%emt 00:02:20]} 23. dxe5 {[%clk 00:46:16]} {[%emt 00:01:05]} c5
{[%clk 00:38:37]} {[%emt 00:04:35]} 24. Ree2 {[%clk 00:42:48]} {[%emt
00:03:58]} Bc6 {[%clk 00:37:12]} {[%emt 00:01:54]} 25. Kg1 {[%clk 00:40:33]}
{[%emt 00:02:44]} 1/2-1/2

[Event "DVM U12 2024"]
[Site "Heidelberg GER"]
[Date "2024.12.29"]
[Round "5"]
[White "Capurro, Mateo"]
[Black "Ramayanam, Nithya"]
[Result "1/2-1/2"]
[Termination "normal"]
[Board "7.4"]
[WhiteElo "956"]
[BlackElo "1555"]
[WhiteClock "00:37:44"]
[BlackClock "00:24:42"]
[WhiteTeam "SK Bad Homburg 1927"]
[BlackTeam "SC Erlangen 48/88"]
[PlyCount "109"]
[BlackFideId "533004250"]
[EventCountry "GER"]
[EventRounds "7"]
[EventType "team-swiss"]
[EventDate "2024.12.26"]

1. e4 {[%clk 01:30:59]} {[%emt 00:00:01]} c5 {[%clk 01:30:56]} {[%emt
00:00:04]} 2. Nf3 {[%clk 01:31:22]} {[%emt 00:00:07]} d6 {[%clk 01:31:14]}
{[%emt 00:00:11]} 3. Nc3 {[%clk 01:30:18]} {[%emt 00:01:35]} Nf6 {[%clk
01:29:26]} {[%emt 00:02:18]} 4. d4 {[%clk 01:29:22]} {[%emt 00:01:26]} cxd4
{[%clk 01:28:16]} {[%emt 00:01:40]} 5. Nxd4 {[%clk 01:26:59]} {[%emt 00:02:52]}
g6 {[%clk 01:26:57]} {[%emt 00:01:47]} 6. Be3 {[%clk 01:24:22]} {[%emt
00:03:10]} Bg7 {[%clk 01:27:04]} {[%emt 00:00:22]} 7. Bd3 {[%clk 01:22:45]}
{[%emt 00:02:07]} O-O {[%clk 01:21:16]} {[%emt 00:06:17]} 8. O-O {[%clk
01:22:03]} {[%emt 00:01:13]} Nc6 {[%clk 01:21:26]} {[%emt 00:00:18]} 9. h3
{[%clk 01:18:13]} {[%emt 00:04:22]} Bd7 {[%clk 01:20:32]} {[%emt 00:01:25]} 10.
Nf3 {[%clk 01:15:19]} {[%emt 00:03:23]} Be6 {[%clk 01:16:02]} {[%emt 00:05:00]}
11. Nd4 {[%clk 01:13:01]} {[%emt 00:02:48]} Nxd4 {[%clk 01:15:07]} {[%emt
00:01:25]} 12. Bxd4 {[%clk 01:13:19]} {[%emt 00:00:12]} d5 {[%clk 01:14:03]}
{[%emt 00:01:34]} 13. Bxf6 {[%clk 01:08:11]} {[%emt 00:05:38]} Bxf6 {[%clk
01:13:13]} {[%emt 00:01:19]} 14. exd5 {[%clk 01:06:29]} {[%emt 00:02:13]} Bxd5
{[%clk 01:12:34]} {[%emt 00:01:10]} 15. Nxd5 {[%clk 01:06:09]} {[%emt
00:00:49]} Qxd5 {[%clk 01:12:38]} {[%emt 00:00:25]} 16. c3 {[%clk 01:04:38]}
{[%emt 00:02:02]} Rad8 {[%clk 01:11:25]} {[%emt 00:01:40]} 17. Be2 {[%clk
01:04:32]} {[%emt 00:00:39]} Qe4 {[%clk 01:06:58]} {[%emt 00:04:55]} 18. Qe1
{[%clk 01:04:00]} {[%emt 00:01:04]} Qc2 {[%clk 01:03:05]} {[%emt 00:04:17]} 19.
Rb1 {[%emt 00:03:34]} Qa4 {[%clk 00:59:46]} {[%emt 00:01:35]} 20. a3 {[%clk
01:02:15]} {[%emt 00:01:31]} Qf4 {[%clk 00:56:09]} {[%emt 00:04:02]} 21. Qc1
{[%clk 00:57:12]} {[%emt 00:05:37]} Qxc1 {[%clk 00:52:58]} {[%emt 00:03:42]}
22. Rfxc1 {[%clk 00:57:27]} {[%emt 00:00:16]} Rd2 {[%clk 00:48:28]} {[%emt
00:04:59]} 23. Bf3 {[%clk 00:56:39]} {[%emt 00:01:19]} Bg5 {[%clk 00:43:02]}
{[%emt 00:05:54]} 24. Rd1 {[%clk 00:52:44]} {[%emt 00:04:27]} Rxd1+ {[%clk
00:42:23]} {[%emt 00:01:09]} 25. Rxd1 {[%clk 00:53:03]} {[%emt 00:00:11]} e6
{[%clk 00:41:16]} {[%emt 00:01:31]} 26. c4 {[%clk 00:49:58]} {[%emt 00:03:41]}
b6 {[%clk 00:41:14]} {[%emt 00:00:31]} 27. a4 {[%clk 00:48:26]} {[%emt
00:02:03]} Rc8 {[%clk 00:38:35]} {[%emt 00:03:10]} 28. b3 {[%clk 00:44:01]}
{[%emt 00:04:54]} Rd8 {[%clk 00:38:32]} {[%emt 00:00:31]} 29. Rxd8+ {[%clk
00:43:59]} {[%emt 00:00:32]} Bxd8 {[%clk 00:38:55]} {[%emt 00:00:08]} 30. Kf1
{[%clk 00:44:24]} {[%emt 00:00:05]} Kf8 {[%clk 00:39:03]} {[%emt 00:00:21]} 31.
Ke2 {[%clk 00:44:46]} {[%emt 00:00:09]} Ke7 {[%clk 00:38:56]} {[%emt 00:00:37]}
32. Kd3 {[%clk 00:44:53]} {[%emt 00:00:22]} Kd6 {[%clk 00:39:10]} {[%emt
00:00:16]} 33. b4 {[%clk 00:43:46]} {[%emt 00:01:38]} Bf6 {[%clk 00:38:17]}
{[%emt 00:01:22]} 34. Be4 {[%clk 00:43:28]} {[%emt 00:00:49]} Bg7 {[%clk
00:37:35]} {[%emt 00:01:11]} 35. f4 {[%emt 00:02:09]} f6 {[%clk 00:36:47]}
{[%emt 00:00:32]} 36. g3 {[%clk 00:42:29]} {[%emt 00:00:36]} f5 {[%clk
00:36:49]} {[%emt 00:00:26]} 37. Bf3 {[%clk 00:42:54]} {[%emt 00:00:07]} e5
{[%clk 00:34:30]} {[%emt 00:02:49]} 38. fxe5+ {[%clk 00:42:02]} {[%emt
00:01:22]} Kxe5 {[%clk 00:33:40]} {[%emt 00:01:20]} 39. c5 {[%clk 00:41:13]}
{[%emt 00:01:20]} Bf8 {[%clk 00:33:10]} {[%emt 00:00:59]} 40. cxb6 {[%clk
00:37:43]} {[%emt 00:04:00]} axb6 {[%clk 00:33:32]} {[%emt 00:00:08]} 41. Kc4
{[%clk 00:37:21]} {[%emt 00:00:52]} Bd6 {[%clk 00:31:36]} {[%emt 00:02:25]} 42.
a5 {[%clk 00:37:19]} {[%emt 00:00:33]} bxa5 {[%clk 00:30:22]} {[%emt 00:01:43]}
43. bxa5 {[%clk 00:37:37]} {[%emt 00:00:13]} Ke6 {[%clk 00:28:05]} {[%emt
00:02:45]} 44. a6 {[%clk 00:37:52]} {[%emt 00:00:17]} Bb8 {[%clk 00:28:00]}
{[%emt 00:00:34]} 45. Kc5 {[%clk 00:38:09]} {[%emt 00:00:13]} Ba7+ {[%clk
00:25:52]} {[%emt 00:02:38]} 46. Kc6 {[%clk 00:38:15]} {[%emt 00:00:23]} Kf6
{[%clk 00:24:14]} {[%emt 00:02:07]} 47. Kb7 {[%clk 00:37:56]} {[%emt 00:00:52]}
Bf2 {[%clk 00:24:25]} {[%emt 00:00:18]} 48. a7 {[%clk 00:38:18]} {[%emt
00:00:08]} Bxa7 {[%clk 00:24:41]} {[%emt 00:00:15]} 49. Kxa7 {[%clk 00:38:40]}
{[%emt 00:00:08]} Kg5 {[%clk 00:24:13]} {[%emt 00:00:58]} 50. h4+ {[%clk
00:38:59]} {[%emt 00:00:11]} Kh6 {[%clk 00:24:37]} {[%emt 00:00:06]} 51. Kb6
{[%clk 00:39:11]} {[%emt 00:00:18]} g5 {[%clk 00:24:42]} {[%emt 00:00:23]} 52.
Kc5 {[%clk 00:38:28]} {[%emt 00:01:15]} f4 {[%clk 00:23:57]} {[%emt 00:01:14]}
53. hxg5+ {[%clk 00:37:34]} {[%emt 00:01:25]} Kxg5 {[%clk 00:24:15]} {[%emt
00:00:11]} 54. gxf4 {[%clk 00:37:54]} {[%emt 00:00:11]} Kxf4 {[%clk 00:24:42]}
{[%emt 00:00:03]} 55. Bd1 {[%clk 00:37:44]} {[%emt 00:00:40]} 1/2-1/2